Optical networks and technologies (Record no. 8312)

000 -LEADER
fixed length control field 00879 a2200205 4500
020 ## - INTERNATIONAL STANDARD BOOK NUMBER
International Standard Book Number 0387231773
040 ## - CATALOGING SOURCE
Original cataloging agency DLC
Language of cataloging DLC
245 10 - TITLE STATEMENT
Title Optical networks and technologies
Statement of responsibility, etc. IFIP TC6/WG6.10 First Optical Networks & Technologies Conference (OpNeTec), October 18-20, 2004, Pisa, Italy ; edited by Ken-Ichi Kitayama, Francesco Masetti-Placci, Giancarlo Prati.
260 ## - PUBLICATION, DISTRIBUTION, ETC.
Place of publication, distribution, etc. New York :
Name of publisher, distributor, etc. Springer,
Date of publication, distribution, etc. 2005.
300 ## - PHYSICAL DESCRIPTION
Extent xvi, 610 p. :
Other physical details ill. ;
Dimensions 24 cm.
490 1# - SERIES STATEMENT
Series statement International federation for Information Processing ;
Volume/sequential designation 164.
650 #0 - SUBJECT ADDED ENTRY--TOPICAL TERM
Topical term or geographic name entry element Optical communications
650 #0 - SUBJECT ADDED ENTRY--TOPICAL TERM
Topical term or geographic name entry element Computer networks
700 1# - ADDED ENTRY--PERSONAL NAME
Personal name Kitayama, Ken-Ichi.
700 1# - ADDED ENTRY--PERSONAL NAME
Personal name Masetti-Placci, Francesco.
700 1# - ADDED ENTRY--PERSONAL NAME
Personal name Prati, Giancarlo.
710 2# - ADDED ENTRY--CORPORATE NAME
Corporate name or jurisdiction name as entry element International Federation for Information Processing.
830 #0 - SERIES ADDED ENTRY--UNIFORM TITLE
Uniform title International Federation for Information Processing (Series) ;
942 ## - ADDED ENTRY ELEMENTS (KOHA)
Koha item type Book
Call number prefix 621.3827 KIT
Source of classification or shelving scheme
Holdings
Withdrawn status Lost status Damaged status Not for loan Collection code Permanent Location Current Location Shelving location Date acquired Source of acquisition Cost, normal purchase price Total Checkouts Full call number Barcode Date last seen Price effective from Koha item type
          Central Library (CL) Central Library (CL) General Stacks 05/07/2007 A & J Def Tek Concultants 13312.37   621.3827 KIT SEECS008465 11/14/2012 01/05/2017 Book
© 2023 Central Library, National University of Sciences and Technology. All Rights Reserved.